| 000 | 00751cam a2200241 4500 | ||
|---|---|---|---|
| 001 | 334595 | ||
| 003 | ARRUPE | ||
| 005 | 20150414115831.0 | ||
| 008 | 850415c19671962enk 000 0 eng d | ||
| 035 | _a(OCoLC)504964451 | ||
| 035 | _a(OCoLC)ocn504964451 | ||
| 035 | _a(CStRLIN)NYCG85-B38046 | ||
| 035 | _a(NNC)334595 | ||
| 040 |
_aNNC _cNNC |
||
| 090 |
_aPR2248 _b.L44 1962a |
||
| 100 | 1 |
_aLeishman, James Blair. _q(James Blair), _d1902-1963. _916112 |
|
| 245 | 1 | 4 |
_aThe monarch of wit; _ban analytical and comparative study of the poetry of John Donne. |
| 260 |
_aLondon, _bHutchinson _c1962 |
||
| 300 |
_a287 p. _c21cm. |
||
| 600 | 1 | 0 |
_aDonne, John, _d1572-1631. _915781 _xCriticism and interpretation |
| 942 |
_2lcc _cMONOGRAPH |
||
| 999 |
_c122375 _d122375 |
||